Statistics for Normandy Region Quiz

Click here to take the quiz!

General Stats

  • This quiz has been taken 103 times
  • The average score is 11 of 16

Answer Stats

HintAnswer% Correct
Sea that separates France from EnglandEnglish channel
95%
Largest city and home to the second largest French portLe Havre
86%
Duke of Normandy who became King of England in 1066William the Conqueror
85%
The date of mentioned landing is widely known as thisD-Day
80%
This maid was burned at the stake by the English in RouenJoan of Arc
74%
Which modern-day country did most Normans hail from?Denmark
72%
These two British crown dependencies are historical parts of NormandyJersey
72%
The American V Corps landed here on June 6, 1944Omaha Beach
72%
Guernsey
68%
Tapestry that depicts the Norman landing in EnglandBayeux
66%
Tidal island, UNESCO heritage and tourist site populated by monksMont St. Michel
66%
Most popular white mould cheese that originated in NormandyCamembert
63%
Impressionist painter who famously depicted sunrise in the port of the largest cityClaude Monet
57%
Brandy made from apples or pearsCalvados
39%
Author of "Madame Bovary" born in RouenGustave Flaubert
37%
Archbishop of Canterbury and martyr who was revered both in England and NormandyThomas Becket
24%

Score Distribution

Percentile by Number Answered

Percent of People with Each Score

Your Score History

You have not taken this quiz